Normal view
MARC view
Entry Topical Term
001 - CONTROL NUMBER
- control field: 56100
003 - CONTROL NUMBER IDENTIFIER
- control field: OSt
005 - DATE AND TIME OF LATEST TRANSACTION
- control field: 20250819165205.0
008 - FIXED-LENGTH DATA ELEMENTS
- fixed length control field: 250819|| aca||aabn | a|a d
040 ## - CATALOGING SOURCE
- Original cataloging agency: OSt
- Transcribing agency: OSt
150 ## - HEADING--TOPICAL TERM
- Topical term or geographic name entry element: Employment pattern, economic growth, demographic dividend, Employment-Unemployment Survey (EUS), Periodic Labour Force Survey (PLFS), output growth, job creation, Gross Value Added (GVA), employment growth, agriculture employment share, non-farm sector, employment elasticity, industry, services, unemployment, structural transformation, gender disparity, educated youth unemployment, labour displacement, Labour Force Participation Rate (LFPR), Work Force Participation Rate (WFPR), policy redressal, human capacity, social opportunities.
670 ## - SOURCE DATA FOUND
- Source citation: Work cat.: (OSt)527058: Padhi, Balakrushna, Rao, D. Tripati and Triveni, T. 56099, Discerning the long-term pace and patterns of employment in India
